Treffpunkt der Götter : Inschriften aus dem Tempel des Horus von Edfu /

محفوظ في:

مؤلفون آخرون: Kurth, Dieter.

التنسيق: كتاب

اللغة: German

منشور في: Zürich und München : Artemis, 1994.

الموضوعات:

الوسوم: إضافة وسم

لا توجد وسوم, كن أول من يضع وسما على هذه التسجيلة!

رقم الطلب: PJ1526 .E2 T83

LEADER 00773nam a22002297a 4500
003 OSt
005 20251020101310.0
008 251020t1994 sz a 000 0 ger d
020 |a 3760810977 
040 |c ARCE Library 
050 1 4 |a PJ1526 .E2  |b T83 
245 0 0 |a Treffpunkt der Götter :   |b Inschriften aus dem Tempel des Horus von Edfu /   |c eingeleitet, übersetzt und erläutert von Dieter Kurth. 
264 1 |a Zürich und München :   |b Artemis,   |c 1994. 
300 |a 419 p., [11] p. of plates :   |b ill. ;   |c 21 cm. 
504 |a Includes bibliographical references (p. 417). 
610 2 0 |a Temple of Horus (Idfū, Egypt). 
650 0 |a Inscriptions, Egyptian. 
651 0 |a Egypt -- Idfū. 
700 1 |a Kurth, Dieter. 
901 |a reviewed 
942 |2 lcc  |c BK 
999 |c 50132  |d 50132